Al-Farabi and His School (Record no. 193869)

000 -LEADER
fixed length control field 00618 a2200169 4500
003 - CONTROL NUMBER IDENTIFIER
control field Nust
005 - DATE AND TIME OF LATEST TRANSACTION
control field 20221221113134.0
020 ## - INTERNATIONAL STANDARD BOOK NUMBER
International Standard Book Number 0-7007-1064-7
040 ## - CATALOGING SOURCE
Transcribing agency Nust
082 ## - DEWEY DECIMAL CLASSIFICATION NUMBER
Classification number 181.07, NET
100 ## - MAIN ENTRY--PERSONAL NAME
Personal name Lan Richard Netton
9 (RLIN) 105498
245 ## - TITLE STATEMENT
Title Al-Farabi and His School
Statement of responsibility, etc. Lan Richard Netton
260 ## - PUBLICATION, DISTRIBUTION, ETC.
Place of publication, distribution, etc. New yourk
Name of publisher, distributor, etc. Richard netton
Date of publication, distribution, etc. 1992
300 ## - PHYSICAL DESCRIPTION
Extent 128p;
505 ## - FORMATTED CONTENTS NOTE
Formatted contents note The Age of Farabism (Page-1), The Epistemological Substrate of Farabism The Paradigm of the Second Master (Page-31), The Epistemological Substrate of Farabism In the Steps of Their Master (Page-55), Conclusion (Page-84).
942 ## - ADDED ENTRY ELEMENTS (KOHA)
Source of classification or shelving scheme
Koha item type Book
Holdings
Withdrawn status Lost status Source of classification or shelving scheme Damaged status Not for loan Permanent Location Current Location Shelving location Date acquired Total Checkouts Full call number Barcode Date last seen Date last checked out Price effective from Koha item type Public note
          Military College of Signals (MCS) Military College of Signals (MCS) General Stacks 12/12/2016 2 181.07,NET MCS28051 06/05/2024 05/21/2024 12/12/2016 Book Almirah No.46, Shelf No.5
© 2023 Central Library, National University of Sciences and Technology. All Rights Reserved.